000 00483nam a2200181Ia 4500
005 20250326123946.0
008 250326s9999 xx 000 0 und d
037 _aTextbook
040 _aFMSL
_beng
_cFMSL
041 _aeng
_2eng
084 _aV448y7 K3
_qFMSL
100 _aCCS
_9736500
245 0 _aCases in Indian administration
_cCCS
260 _aNew Delhi
_bNew Delhi, I I O
_c1963
300 _a261p
942 _cTB
_hV448y7 K3
999 _c1271654
_d1271654